Log houses: canadian classics
Đã lưu trong:
| Những tác giả chính: | , |
|---|---|
| Định dạng: | Sách |
| Ngôn ngữ: | Tiếng Anh |
| Được phát hành: |
Ottawa
Boston Mills Press
1998
|
| Phiên bản: | 2a. ed |
| Những chủ đề: | |
| Các nhãn: |
Thêm thẻ
Không có thẻ, Là người đầu tiên thẻ bản ghi này!
|
MARC
| LEADER | 00000cam a2200000 a 4500 | ||
|---|---|---|---|
| 001 | UCD9969 | ||
| 003 | CL-VaPUC | ||
| 008 | 170713e19980000cn |||||||||||||||||eng|d | ||
| 020 | |a 1550460994 | ||
| 082 | 0 | 4 | |a 728.370971 |b CHR |2 21 |
| 100 | 0 | |a Christopher, Peter |e author |9 593913 | |
| 700 | 0 | |a Skinulis, Richard |e author |9 593914 | |
| 245 | 1 | 0 | |a Log houses: canadian classics |
| 250 | |a 2a. ed | ||
| 300 | |a 118 p | ||
| 942 | |c BK | ||
| 945 | |d 20170713 16:08:00 |a dcastane | ||
| 260 | |a Ottawa |b Boston Mills Press |c 1998 | ||
| 650 | 7 | |a CASAS RURALES |2 CL-VaPUC |9 593915 | |
| 650 | 7 | |a CASAS DE CAMPO |2 CL-VaPUC |9 593916 | |
| 650 | 0 | |a Diseño arquitectónico |9 265271 | |
| 650 | 0 | |a Diseño y construcción |9 260862 | |
| 583 | |a last modification |c 20170713 16:08:00 |k Rodrigo Vera | ||
| 999 | |c 368971 |d 368969 | ||
| 952 | |0 0 |1 0 |3 erd |4 0 |6 728_370971000000000_CHR_1998 |7 0 |8 A |9 484478 |a BIBARQ |b BIBARQ |i 5406803 |o 728.370971 CHR 1998 |p 5406803 |r 2025-01-20 |w 2019-11-24 |y BK |z Catalogado en:20170713 |k ARQ | ||